000 00548nam a22001817a 4500
003 0
005 20250917145329.0
008 250917b xxu||||| |||| 00| 0 eng d
020 _a979-8-89161-505-2
050 _aQA 162
_b.T39 2025
100 _aTaylor, Joseph,
_eauthor.
245 _aAbstract algebra /
_cJoseph Taylor.
260 _aJersey City, USA :
_bAlexis Press,
_c2025.
300 _ax, 262 pages :
_billustrations ;
_c27 cm.
504 _aIncludes bibliographical references and index.
650 _aAlgebra, Abstract.
942 _2lcc
_cBK
999 _c368020
_d368020